| Tag |
First Indicator |
Second Indicator |
Subfields |
| LEADER |
00000cam a2200000 a 4500 |
| 001 |
in00001994613 |
| 005 |
20151031113306.0 |
| 008 |
021104s2003 nyuab j 001 0beng |
| 010 |
|
|
|a 2002153307
|
| 020 |
|
|
|a 0789492911
|
| 020 |
|
|
|a 0789495414 (hardcover)
|
| 035 |
|
|
|a (OCoLC)ocm51022833
|
| 040 |
|
|
|a DLC
|c DLC
|d IG#
|d OCLCQ
|d TXA
|d UtOrBLW
|
| 043 |
|
|
|a n-us---
|
| 049 |
|
|
|a TXAM
|
| 050 |
0 |
0 |
|a TL540.W7
|b J46 2003
|
| 082 |
0 |
0 |
|a 629.13/0092/273
|a B
|2 21
|
| 100 |
1 |
|
|a Jenner, Caryn.
|
| 245 |
1 |
0 |
|a First flight :
|b the story of the Wright Brothers /
|c written by Caryn Jenner.
|
| 250 |
|
|
|a 1st American ed.
|
| 264 |
|
1 |
|a New York :
|b DK Pub.,
|c 2003.
|
| 300 |
|
|
|a 48 pages :
|b illustrations (chiefly color), color maps ;
|c 23 cm.
|
| 336 |
|
|
|a text
|b txt
|2 rdacontent
|
| 337 |
|
|
|a unmediated
|b n
|2 rdamedia
|
| 338 |
|
|
|a volume
|b nc
|2 rdacarrier
|
| 490 |
1 |
|
|a DK readers level 4
|
| 500 |
|
|
|a Includes index.
|
| 505 |
0 |
|
|a Flying machines -- The toy helicopter -- Brothers in business -- The bicycle boom -- Aiming for the sky -- Flying experiments -- The Wright flyer -- Flying afar.
|
| 586 |
|
|
|a Notable Children's Trade Books in the Field of Social Studies, 2004.
|
| 600 |
1 |
0 |
|a Wright, Orville,
|d 1871-1948
|v Juvenile literature.
|
| 600 |
1 |
0 |
|a Wright, Wilbur,
|d 1867-1912
|v Juvenile literature.
|
| 650 |
|
0 |
|a Aeronautics
|z United States
|v Biography
|v Juvenile literature.
|
| 650 |
|
0 |
|a Inventors
|z United States
|v Biography
|v Juvenile literature.
|
| 650 |
|
0 |
|a Aeronautics
|z United States
|x History
|v Juvenile literature.
|
| 830 |
|
0 |
|a Dorling Kindersley readers.
|n 4,
|p Proficient readers.
|
| 938 |
|
|
|a Ingram
|b INGR
|n 0789492911
|
| 994 |
|
|
|a C0
|b TXA
|
| 948 |
|
|
|a cataloged
|b h
|c 2004/9/21
|d c
|e bhartsfi
|f 9:44:28 am
|
| 999 |
|
|
|a MARS
|
| 999 |
f |
f |
|s ec330b17-48de-30f8-a148-023c5737797b
|i db58254a-4953-33b2-ae91-e661f780befb
|t 0
|
| 952 |
f |
f |
|p normal
|a Texas A&M University
|b College Station
|c Sterling C. Evans Library
|d Evans: Curriculum Collection (4th floor)
|t 0
|e TL540.W7 J46 2003
|h Library of Congress classification
|i unmediated -- volume
|m A14831283183
|
| 998 |
f |
f |
|a TL540.W7 J46 2003
|t 0
|l Evans: Curriculum Collection (4th floor)
|